|
|
|
|
| LEADER |
01822nam a2200337 a 4500 |
| 001 |
302043 |
| 003 |
BD-DhAAL |
| 008 |
110202r20101971enka b 001 0 eng d |
| 010 |
|
|
|a 72179468
|
| 020 |
|
|
|a 9781855214729
|a 0435826042 (pbk.)
|a 0435826034
|
| 040 |
|
|
|a DLC
|c DLC
|d DLC
|d BD-DhAAL
|
| 082 |
0 |
0 |
|a 300/.7/23
|2 22
|
| 999 |
|
|
|c 10448
|d 10448
|
| 999 |
|
|
|c 10448
|
| 999 |
|
|
|c 10448
|
| 100 |
1 |
|
|a Moser, Claus Adolf.
|9 1593
|
| 245 |
1 |
0 |
|a Survey methods in social investigation,
|c by C. A. Moser and G. Kalton.
|
| 250 |
|
|
|a 2nd ed.
|
| 260 |
|
|
|a London :
|b Heinemann Educational ;
|b Ashgate,
|c 1971 [Reprinted 1979, 2010]
|
| 300 |
|
|
|a xvii, 555 p. :
|b ill. ;
|c 23 cm.
|
| 504 |
|
|
|a Includes bibliographical references (p. 489-532) and index.
|
| 541 |
|
|
|e 00000143
|
| 650 |
|
0 |
|a Social surveys.
|9 1594
|
| 700 |
1 |
|
|a Kalton, Graham,
|e joint author.
|9 1595
|
| 852 |
4 |
|
|a Ayesha Abed Library
|j General shelf
|
| 942 |
|
|
|2 ddc
|c BK
|
| 952 |
|
|
|0 0
|1 0
|2 ddc
|4 0
|6 300_723000000000000_MOS
|7 0
|9 14369
|a BRACUL
|b BRACUL
|c GEN
|d 2011-02-13
|g 434.50
|l 0
|o 300.723 MOS
|p 3010000143
|r 2011-02-13
|t 1
|w 2011-02-13
|y BK
|
| 952 |
|
|
|0 0
|1 0
|2 ddc
|4 0
|6 300_723000000000000_MOS
|7 0
|9 18116
|a BRACUL
|b BRACUL
|c GEN
|d 2011-09-19
|e Karim International
|g 3420.00
|l 0
|o 300.723 MOS
|p 3010023430
|r 2011-09-19
|t 2
|w 2011-09-19
|y BK
|
| 952 |
|
|
|0 0
|1 0
|2 ddc
|4 0
|6 300_723000000000000_MOS
|7 0
|9 18117
|a BRACUL
|b BRACUL
|c GEN
|d 2011-09-19
|e Karim International
|g 3420.00
|l 2
|m 7
|o 300.723 MOS
|p 3010023431
|r 2022-11-28
|s 2022-11-23
|t 3
|w 2011-09-19
|y BK
|
| 952 |
|
|
|0 0
|1 0
|2 ddc
|4 0
|6 300_723000000000000_MOS
|7 0
|9 22702
|a IGS
|b IGS
|c GEN
|d 2013-06-15
|e Karim International
|g 3200.00
|l 0
|o 300.723 MOS
|p 3010027153
|r 2013-06-15
|t 4
|w 2013-06-15
|y BK
|
| 952 |
|
|
|0 0
|1 0
|2 ddc
|4 0
|6 300_723000000000000_MOS
|7 0
|9 22703
|a IGS
|b IGS
|c GEN
|d 2013-06-15
|e Karim International
|g 3200.00
|l 0
|o 300.723 MOS
|p 3010027154
|r 2013-06-15
|t 5
|w 2013-06-15
|y BK
|